000 00331nam a22001457a 4500
008 221021b ||||| |||| 00| 0 eng d
020 _a9780971375673
041 _aeng
080 _2ERD EDITION
_a004
082 _a004 AMA
100 _a18
101 _aSHK
245 _aTHE WORLD'S EASIEST GUIDE
_cAMATO C
942 _2udc
_cBK
999 _c58641
_d58641